Is, Ea, Id et Qui, Quae, Quod - Statistiques

Statistiques générales
  • Ce quiz a été pris 12 fois
  • Le résultat moyen est 48 sur 60
Statistiques - réponses
Hint Réponse % Correct
34 Cui
100%
39 Cui
100%
44 Cui
100%
6 Ea
100%
7 Eam
100%
22 Eas
100%
17 Eos
100%
2 Eum
100%
11 Id
100%
12 Id
100%
1 Is
100%
36 Quae
100%
31 Qui
100%
41 Quod
100%
33 Cuius
75%
38 Cuius
75%
43 Cuius
75%
10 Ea
75%
26 Ea
75%
27 Ea
75%
21 Eae
75%
23 Earum
75%
4 Ei
75%
9 Ei
75%
14 Ei
75%
16 Ei
75%
19 Eis
75%
20 Eis
75%
24 Eis
75%
25 Eis
75%
29 Eis
75%
30 Eis
75%
3 Eius
75%
8 Eius
75%
13 Eius
75%
5 Eo
75%
15 Eo
75%
18 Eorum
75%
28 Eorum
75%
40 Qua
75%
51 Quae
75%
56 Quae
75%
57 Quae
75%
53 Quarum
75%
52 Quas
75%
32 Quem
75%
46 Qui
75%
49 Quibus
75%
50 Quibus
75%
54 Quibus
75%
55 Quibus
75%
59 Quibus
75%
60 Quibus
75%
35 Quo
75%
45 Quo
75%
42 Quod
75%
48 Quorum
75%
58 Quorum
75%
47 Quos
75%
37 Quam
50%
Aucun quiz correspondant
Distribution des résultats
% des personnes avec chaque résultat
Percentile par nombre de réponses
Votre historique - résultats
Vous n’avez pas pris ce quiz